| 000 -ლიდერი |
| ფიქსირებული სიგრძის საკონტროლო ველი |
01078nam a22002297a 4500 |
| 003 - საკონტროლო ნომრის იდენტიფიკატორი |
| საკონტროლო ველი |
Ge_BSU |
| 005 - ბოლო ოპერაციის თარიღი და დრო |
| საკონტროლო ველი |
20220217140622.0 |
| 008 - ფიქსირებული სიგრძის მონაცემთა ელემენტები - ზოგადი ინფორმაცია |
| ფიქსირებული სიგრძის საკონტროლო ველი |
220217s1985ge xxu||||| |||| 00| 0 geo d |
| 041 ## - ენის კოდი |
| Language code of text/sound track or separate title |
geo |
| 080 ## - უნივერსალური ათობითი კლასიფიკაციის ინდექსი |
| Universal Decimal Classification number |
581.526.42(075.8) ა-14 |
| 100 ## - მთავარი ჩანაწერი - პიროვნების სახელი |
| Personal name |
აბაშიძე, ი. |
| 9 (RLIN) |
2742 |
| 245 ## - ცნობა სათაურის შესახებ |
| Title |
დენდროლოგია : [სახელმძღვანელო სას-სამ. ინ-ტის სტუდენტებისათვის] |
| Remainder of title |
წ. 2, ფარულთესლოვანები / |
| Statement of responsibility, etc |
ი.აბაშიძე , რედ.მ.სულაძე. |
| 250 ## - გამოცემის ცნობა |
| Edition statement |
მე-2 გამოცემა |
| 264 ## - წარმოების, გამოცემის, დისტრიბუციის და სხვა ცნობები |
| გამოცემის, წარმოების, დისტრიბუციის... ადგილი |
თბილისი : |
| გამოცემის, წარმოების, დისტრიბუციის... სახელწოდება |
განათლება, |
| გამოცემის, წარმოების, დისტრიბუციის... თარიღი |
1985. |
| 300 ## - ფიზიკური აღწერა |
| Extent |
319გვ. : |
| Other physical details |
ილ. |
| Dimensions |
21სმ. |
| 504 ## - BIBLIOGRAPHY, ETC. NOTE |
| Bibliography, etc |
ბიბლიოგრაფია: გვ. 317. |
| 653 ## - INDEX TERM--UNCONTROLLED |
| Uncontrolled term |
დენდროლოგია |
| 653 ## - INDEX TERM--UNCONTROLLED |
| Uncontrolled term |
ფარულთესლიანები |
| 653 ## - INDEX TERM--UNCONTROLLED |
| Uncontrolled term |
მცენარეები |
| 700 ## - ADDED ENTRY--PERSONAL NAME |
| Personal name |
სულაძე, მ |
| Relator term |
რედაქტორი |
| 9 (RLIN) |
3155 |
| 942 ## - ADDED ENTRY ELEMENTS (KOHA) |
| Source of classification or shelving scheme |
|
| Koha item type |
წიგნი |